| 000 | 01240nam1a22002891i 4500 | ||
|---|---|---|---|
| 001 | rc\2340434 | ||
| 005 | 20240725231953.0 | ||
| 035 | _a(NLR Aleph) 006679112 | ||
| 090 |
_a5063533 _c5063533 |
||
| 100 | _a20110829d1977 |||y0rusy50 ca | ||
| 101 | 1 |
_arus _ceng |
|
| 102 | _aRU | ||
| 105 | _a z ||||| | ||
| 200 | 1 |
_aМетоды географических исследований _fП. Тойн, П. Ньюби _gПеревод с англ. Ю.Г. Липеца и Н.Н. Чижова _gРед. и предисл. Ю.В. Медведкова |
|
| 210 |
_aМосква _cПрогресс _d1977 |
||
| 215 | _d22 | ||
| 311 | _aПеревод изд.: Technidues in human geography/ Peter Toyne, Peter T., Newby (London, 1971) | ||
| 454 | 0 |
_12001#$aTechnidues in human geography$fPeter Toyne, Peter T., Newby _1210##$aLondon$d1971 _1700#1$aToyne$bP.$gPeter _1701#1$aNewby$bP.T.$gPeter T. _tTechnidues in human geography _aToyne, Peter |
|
| 606 |
_aГеографические исследования _2rkp |
||
| 700 | 1 |
_aТойн _bП. |
|
| 701 | 1 |
_aНьюби _bП. |
|
| 801 | 0 |
_aRU _bNLR _gpsbo |
|
| 801 | 1 |
_aRU _bELAR _2rusmarc |
|
| 852 |
_aNLR _j77-5/3051 |
||
| 899 |
_aRuMoRGB _jБ 76-40/223 |
||
| 899 |
_aRuMoRGB _jБ 76-40/225 |
||
| 942 | _cBOOK | ||